Analyse et conception de systèmes d'information
Il est un constat vrai que le paradigme orienté objet a renversé le processus d’analyse, conception et réalisation des programme. Au lieu de partir logiquement des fonctions à réaliser, ce paradigme commence par les données. Il a ainsi apporté un profond changement dans l’art de penser des pr...
Đã lưu trong:
| 主要作者: | |
|---|---|
| 格式: | 图书 |
| 语言: | Undetermined |
| 出版: |
Québec
Reynald Goulet
2002
|
| 主题: | |
| 标签: |
添加标签
没有标签, 成为第一个标记此记录!
|
| Thư viện lưu trữ: | Trung tâm Học liệu Trường Đại học Cần Thơ |
|---|
| LEADER | 00903nam a2200193Ia 4500 | ||
|---|---|---|---|
| 001 | CTU_232399 | ||
| 008 | 210402s9999 xx 000 0 und d | ||
| 082 | |a 004.21 | ||
| 082 | |b S254 | ||
| 100 | |a Satzinger, John W. | ||
| 245 | 0 | |a Analyse et conception de systèmes d'information | |
| 245 | 0 | |c John W. Satzinger, Robert B. Jackson, Stephen D. Burd | |
| 260 | |a Québec | ||
| 260 | |b Reynald Goulet | ||
| 260 | |c 2002 | ||
| 520 | |a Il est un constat vrai que le paradigme orienté objet a renversé le processus d’analyse, conception et réalisation des programme. Au lieu de partir logiquement des fonctions à réaliser, ce paradigme commence par les données. Il a ainsi apporté un profond changement dans l’art de penser des programmeurs. | ||
| 650 | |a Thiết kế hệ thống,System design | ||
| 910 | |b dqhieu | ||
| 980 | |a Trung tâm Học liệu Trường Đại học Cần Thơ | ||